Missing Word: What's His Name? Quiz Stats

 Plays Quiz Updated Jul 26, 2017

Support Sporcle.
Go Orange.
Score 0/20 Timer 02:00
1 Play Today
Hint First Name % Correct
____ GatesBill
98.5%
____ ClaptonEric
94.8%
______ PhelpsMichael
91.6%
_____ HawkingStephen
90.3%
____ BrosnanPierce
86.3%
______ BoltUsain
83.6%
______ TrebekAlex
82.1%
_______ S. GrantUlysses
80.4%
______ CronkiteWalter
77.2%
_____ SchulzCharles
77%
Hint First Name % Correct
_______ RumsfeldDonald
69.9%
_____ DinklagePeter
65.6%
______ K. GandhiMohandas
63%
_______ BransonRichard
62.6%
_____ MessiLionel
59.2%
_____ PetraeusDavid
39%
_____ RommelErwin
35.9%
_____ HeyerdahlThor
33.6%
____ MagritteRené
30.7%
____ Berners-LeeTim
27.5%

Today's Daily Dose

You're not logged in!

Compare scores with friends on all Sporcle quizzes.
OR
Log In
Forgot?

From the Vault

Finish the Famous Quote IV

by lolshortee

How many quotes can truly call themselves 'famous'?
Remove Ads.
Support Sporcle.
Get the best of Sporcle when you Go Orange. This ad-free experience offers more features, more stats, and more fun while also helping to support Sporcle. Thank you for becoming a member.

Show Comments

Extras

Top Quizzes Today


Score Distribution

Your Account Isn't Verified!

In order to create a playlist on Sporcle, you need to verify the email address you used during registration. Go to your Sporcle Settings to finish the process.

Report this User

Report this user for behavior that violates our Community Guidelines.

Details: